Acta academica karviniensia

Uložené v:
Podrobná bibliografia
Médium: Seriál
Jazyk:Czech
English
Vydavateľské údaje: Karviná Slezská univerzita v Opavě 2001
Predmet:
Tagy: Pridať tag
Žiadne tagy, Buďte prvý, kto otaguje tento záznam!

MARC

LEADER 00000nas2a2200000 4500
001 0006078
005 20160720111948.2
022 |a 1212-415X 
041 0 |a cze 
041 0 |a eng 
044 |a CZ 
245 1 0 |a Acta academica karviniensia 
264 1 |a Karviná  |b Slezská univerzita v Opavě  |c 2001 
300 |a 1 zv. 
773 0 |w eu_un_cat*s124281 
610 2 0 |a situácia hospodárska 
610 2 0 |a vzdelávanie 
610 2 0 |a manažment 
610 2 0 |a podnikanie 
610 2 0 |a Slezská univerzita v Opavě